000 00680nam a2200253Ia 4500
003 OSt
005 20220918165835.0
006 a|||||r|||| 00| 0
007 ta
008 220917b |||||||| |||| 00| 0 eng d
020 _a8174453830 (hb)
024 _a230,753
037 _cTextual
040 _aARTS
_cARTS
_beng
041 _2eng
_aeng
082 _aX.243.P, P6
100 _aBalbir Singh
_925748
245 0 _aPunjab economy
_b challenges and strategies
260 _aPatiala
_bTwenty First Century Publications
_c2006
300 _a394p.
_ccm.
650 _aECONOMICS
942 _hX.243.P, P6
_cTEXL
_2CC
999 _c131338
_d131338